Introducción a la Topología / (Record no. 96988)

MARC details
000 -LEADER
campo de control de longitud fija 00582nam a2200205 i 4500
001 - NÚMERO DE CONTROL
campo de control 96988
003 - IDENTIFICADOR DE NÚMERO DE CONTROL
campo de control ES-MaACL
007 - CAMPO FIJO DE DESCRIPCIÓN FÍSICA--INFORMACIÓN GENERAL
campo de control de longitud fija t|
008 - DATOS DE LONGITUD FIJA--INFORMACIÓN GENERAL
campo de control de longitud fija 050705s1974 sp ||||1| spa d
100 1# - ENTRADA PRINCIPAL--NOMBRE DE PERSONA
Nombre de persona Mansfield, M. J.
9 (RLIN) 76117
245 10 - MENCIÓN DEL TÍTULO
Título Introducción a la Topología /
Mención de responsabilidad, etc. M. J. Mansfield; versión de A. López-Lago.
250 ## - MENCION DE EDICION
Mención de edición [1ª ed.].
260 ## - PUBLICACIÓN, DISTRIBUCIÓN, ETC.
Lugar de publicación, distribución, etc. Madrid :
Nombre del editor, distribuidor, etc. Alhambra,
Fecha de publicación, distribución, etc. 1974.
300 ## - DESCRIPCIÓN FÍSICA
Extensión IX, 136 p. :
Otras características físicas il. ;
Dimensiones 20 cm.
490 1# - MENCIÓN DE SERIE
Mención de serie Exedra
700 1# - ENTRADA AGREGADA--NOMBRE PERSONAL
Nombre de persona López-Lago, A.
9 (RLIN) 73719
830 0# - PUNTO DE ACCESO ADICIONAL DE SERIE-TÍTULO UNIFORME
Título uniforme Exedra
9 (RLIN) 177436
852 ## - LOCALIZACIÓN
Ubicación ES-MaACL
Número de control de estantería E-8745
Sublocalización o colección R.93215
Holdings
Estatus retirado Estado de pérdida Estado de daño No para préstamo Biblioteca de origen Biblioteca actual Ubicación en estantería Fecha de adquisición Fuente de adquisición Total de préstamos Signatura topográfica completa Código de barras Visto por última vez Precio de reemplazo Tipo de ítem Koha
        Biblioteca del Ateneo de Madrid Biblioteca del Ateneo de Madrid Depósito 2 17/01/2008     E-8745 1101252 23/02/2023 23/02/2023 Libro impreso